| 000 | 00429nam a22001457a 4500 | ||
|---|---|---|---|
| 082 |
_a536 _bARO _cL-6, P-75 |
||
| 100 |
_aArora, C.L _939693 |
||
| 245 |
_aRefresher course in B.Sc physics _cArora, C.L |
||
| 260 |
_aDelhi _bPremier publishig CO., _c1959 |
||
| 300 |
_a780 P. : _bill, ; _c20 cm. |
||
| 526 |
_a0 _b0 _c0 _d530_000000000000000_ARO |
||
| 526 |
_a0 _b0 _c0 _d536_000000000000000_ARO |
||
| 650 |
_aMCE _9379 |
||
| 942 |
_2ddc _cBK |
||
| 999 |
_c544170 _d544170 |
||